Books Made into TV Shows Quiz Stats

 Plays Quiz not verified by Sporcle

Also try: TV To-Do Lists III
Challenge
Share
Tweet
Embed
Score 0/10 Timer 10:00
0 Plays Today
Author TV Show % Correct
George R.R. MartinA Game of Thrones
92.5%
Diana GabaldonOutlander
57.5%
L.J. SmithThe Vampire Diaries
52.5%
Charlaine HarrisTrue Blood
47.5%
Sara ShepardPretty Little Liars
45%
Cecily Von ZiegesarGossip Girl
42.5%
Kass MorganThe 100
20%
Cassandra ClareShadowhunters
20%
Wendy ToliverOnce Upon a Time
12.5%
Blake CrouchWayward Pines
7.5%

You're not logged in!

Compare scores with friends on all Sporcle quizzes.
Join for Free
OR
Log In

You Might Also Like...

Show Comments

Extras

Top Quizzes Today


Score Distribution

Your Account Isn't Verified!

In order to create a playlist on Sporcle, you need to verify the email address you used during registration. Go to your Sporcle Settings to finish the process.

Report this User

Report this user for behavior that violates our Community Guidelines.

Details: